000 00283nam a22001217a 4500
008 181107b xxu||||| |||| 00| 0 eng d
041 _aeng
080 _a610
100 _a4
101 _aSHM
245 _aThe Broad Range of Clinical use of Phenytoin
_cSmith,B.H
942 _2udc
_cBK
999 _c52126
_d52126